000 00273nam a2200109Ia 4500
008 220204s9999 xx 000 0 und d
082 _a62(031)
_bCLA
245 0 _aEncyclopedia of how it is made
260 _aLondon
_bMarshall
_c1974
700 _aClarke, Donald
942 _cBK
999 _c30428
_d30428